A-Z Catégorie : Arts - Statistiques

Statistiques générales
  • Ce quiz a été pris 78 fois
  • Le résultat moyen est 16 sur 27
Statistiques - réponses
Hint Réponse % Correct
Q Groupe de musique dont le chanteur est mort des suites du SIDA Queen
94%
U Groupe de rock à l’origine de With or Without you U2
89%
S Personnage fourbe de Molière Scapin
84%
D Les deux hommes à l’origine de l’Encyclopédie Diderot
82%
B Célèbre Tour peinte par Pieter Brueghel l’Ancien Babel
81%
J Groupe américain de soul, dont un certain Michael faisait partie Jackson 5
81%
R Petits fruits associés à la colère dans un roman de Steinbeck Raisins
79%
K Artiste mexicaine mariée à Diego Rivera Frida Kahlo
76%
P Série de 3 films par F.F Coppola Le Parrain
74%
C Célèbre tableau de René Magritte qui invite à ne pas se fier aux apparences Ceci n'est pas une pipe
73%
G Il a peint « Tres de Mayo » Francisco de Goya
71%
N Elle joue la mère dans les Tuche Isabelle Nanty
68%
W Compositeur de la Valkyrie Richard Wagner
68%
O L’action de son livre dystopique se passe 35 ans après sa publication George Orwell
63%
T Il a composé "Casse-Noisettes" et "Le Lac des Cygnes" Piotr Ilitch Tchaïkovski
60%
E Poète français connu pour « Liberté » Paul Eluard
56%
A Artiste italien connu pour ses natures mortes Giuseppe Arcimboldo
48%
X Nom du professeur X dans X-Men Xavier
47%
Y Chanson des Beatles Yellow Submarine
47%
D'Alembert
40%
M Peintre chef de file du fauvisme Henri Matisse
40%
Z Auteur allemand du « Joueurs d’échecs » Stefan Zweig
39%
I Prénom de l’actrice jouant dans Casablanca et Gaslight Ingrid
37%
F Cinéaste à l’origine de Fight Club et Seven David Fincher
32%
L Avec Warhol, il est l’une des figures du Pop Art Roy Lichtenstein
27%
V Film de Milos Forman qui suit l’histoire de McMurphy Vol au dessus d'un nid de coucous
5%
H Architecte autrichien dont les bâtiments loufoques parsèment l’Allemagne et l’Autriche Friedensreich Hundertwasser
3%
Aucun quiz correspondant
Distribution des résultats
% des personnes avec chaque résultat
Percentile par nombre de réponses
Votre historique - résultats
Vous n’avez pas pris ce quiz